| 000 | 00633nam a2200229 i 4500 | ||
|---|---|---|---|
| 001 | bgj | ||
| 100 | 1 | _aPOLENZ, Peter. | |
| 245 | 1 | 0 |
_aGeschichte der deutschen Sprache / _cvon Peter von Polenz. |
| 250 | _a7., völ. neu bearb. | ||
| 260 |
_aBerlin : _bWalter de Gruyter, _c1970. |
||
| 300 |
_a219 s. ; _c16 cm. |
||
| 490 | 1 |
_aSammlung Göschen _vBd. 915/915 a |
|
| 504 | _aBibliogr. s. 190-201. Indeks. | ||
| 650 | 9 |
_aJęzyk niemiecki _xhistoria |
|
| 830 | _aSammlung Göschen | ||
| 040 | _cBPK | ||
| 041 | 0 | _ager | |
| 044 | _aDEU | ||
| 080 | _a811.112.2(091) | ||
| 942 | _cKS | ||
| 008 | s gw f |000 0 ger | ||
| 999 |
_c50751 _d50751 |
||
| 856 |
_uhttp://koha.tu.koszalin.pl/cgi-bin/koha/opac-detail.pl?biblionumber=50751 _yKatalog online BPK |
||